| Tag |
First Indicator |
Second Indicator |
Subfields |
| LEADER |
00000cam a2200000 a 4500 |
| 001 |
in00001467708 |
| 005 |
20151021052600.0 |
| 008 |
980710s1999 nyua b 001 0 eng |
| 010 |
|
|
|a 98035079
|
| 020 |
|
|
|a 081440460X
|
| 035 |
|
|
|a (OCoLC)39627505
|
| 035 |
|
|
|9 AJE4748AM
|
| 040 |
|
|
|a DLC
|c DLC
|d TXA
|d UtOrBLW
|
| 049 |
|
|
|a TXAM
|
| 050 |
0 |
0 |
|a HD31
|b .J6343 1999
|
| 082 |
0 |
0 |
|a 658.4/063
|2 21
|
| 100 |
1 |
|
|a Jones, Tom E.
|
| 245 |
1 |
0 |
|a If it's broken, you can fix it :
|b overcoming dysfunction in the workplace /
|c Tom E. Jones.
|
| 264 |
|
1 |
|a New York :
|b AMACOM,
|c 1999.
|
| 300 |
|
|
|a xx, 204 pages :
|b illustrations ;
|c 24 cm.
|
| 336 |
|
|
|a text
|b txt
|2 rdacontent
|
| 337 |
|
|
|a unmediated
|b n
|2 rdamedia
|
| 338 |
|
|
|a volume
|b nc
|2 rdacarrier
|
| 504 |
|
|
|a Includes bibliographical references (pages 199-200) and index.
|
| 650 |
|
0 |
|a Management.
|
| 650 |
|
0 |
|a Communication in management.
|
| 650 |
|
0 |
|a Organizational effectiveness.
|
| 948 |
|
|
|a C:BLW
|d 20040215
|
| 999 |
|
|
|a MARS
|
| 999 |
f |
f |
|s 00bd135b-e153-3291-8c15-862f69737a06
|i 42798944-66c6-3f57-9c3d-e1e69c13175d
|t 0
|
| 952 |
f |
f |
|p ric
|a Texas A&M University
|b Rellis Campus
|c Joint Library Facility
|d Remote Storage
|t 0
|e HD31 .J6343 1999
|h Library of Congress classification
|i unmediated -- volume
|m A14824054109
|
| 998 |
f |
f |
|a HD31 .J6343 1999
|t 0
|l Remote Storage
|